000 00413nam a2200133Ia 4500
008 160216s9999 xx 000 0 und d
100 _aSwain, S.K.
245 _aTravel agency and tour operations management
245 _cS.K. Swain.
260 _c2012
650 _xOperations management.
650 _xTravel agency.
856 _uhttp://www.pondiuni.edu.in/sites/default/files/travel-agency-op-mgt-260214.pdf
999 _c290638
_d290638